Limitation period clarification (Record no. 70129)
[ view plain ]
| 000 -LEADER | |
|---|---|
| fixed length control field | 01093cam a2200229 4500 |
| 001 - CONTROL NUMBER | |
| control field | WB3816-22 |
| 008 - FIXED-LENGTH DATA ELEMENTS--GENERAL INFORMATION | |
| fixed length control field | 020430n2002 000 0 eng u |
| 035 ## - SYSTEM CONTROL NUMBER | |
| System control number | (Sirsi) u117778 |
| 245 ## - TITLE STATEMENT | |
| Title | Limitation period clarification |
| 260 ## - PUBLICATION, DISTRIBUTION, ETC. | |
| Date of publication, distribution, etc. | 2002 |
| 490 ## - SERIES STATEMENT | |
| Series statement | RICS News Service |
| Volume/sequential designation | 26 April 2002, |
| 490 ## - SERIES STATEMENT | |
| Series statement | Estates Gazette |
| Volume/sequential designation | [2002] 19 EG 146 (CS) |
| 490 ## - SERIES STATEMENT | |
| Series statement | Architects' Journal |
| Volume/sequential designation | 17(215) 2 May 2002, 10(3) |
| 520 ## - SUMMARY, ETC. | |
| Summary, etc. | "Cave v Robinson" has now been successfully appealed to the House of Lords overturning the Court of Appeal's decision. This has restored the limitation periods that existed prior to the "Brocklesby"case. This means that for a claimant to bring a claim ♯out of timeα there must be a deliberate concealment on the part of the defendant. http://www.rics.org/ricscms/bin/show?class=News&template=/includes/shownews.html&id=2371 |
| 590 ## - LOCAL NOTE (RLIN) | |
| Local note | WB |
| 650 ## - SUBJECT ADDED ENTRY--TOPICAL TERM | |
| Topical term or geographic name entry element | CAVE V ROBINSON JARVIS AND ROLF |
| 650 ## - SUBJECT ADDED ENTRY--TOPICAL TERM | |
| Topical term or geographic name entry element | BROCKLESBY V ARMITAGE & GUEST |
| 650 ## - SUBJECT ADDED ENTRY--TOPICAL TERM | |
| Topical term or geographic name entry element | LIMITATION PERIOD |
| 650 ## - SUBJECT ADDED ENTRY--TOPICAL TERM | |
| Topical term or geographic name entry element | NEGLIGENCE CLAIMS |
| 690 ## - LOCAL SUBJECT ADDED ENTRY--TOPICAL TERM (OCLC, RLIN) | |
| Topical term or geographic name as entry element | PROFESSIONAL PRACTICE-NEGLIGENCE |
| 942 ## - ADDED ENTRY ELEMENTS (KOHA) | |
| Suppress in OPAC | 0 |
| Withdrawn status | Lost status | Source of classification or shelving scheme | Damaged status | Not for loan | Home library | Current library | Shelving location | Date acquired | Total Checkouts | Full call number | Barcode | Date last seen | Copy number | Price effective from | Koha item type |
|---|---|---|---|---|---|---|---|---|---|---|---|---|---|---|---|
| Dewey Decimal Classification | London | London | News article | 30/04/2002 | WB3816-22 | 117778-1001 | 06/08/2019 | 1 | 06/08/2019 | News article |